Understanding financial statements (Record no. 2519)

000 -LEADER
fixed length control field 00575nam a22001577a 4500
020 ## - INTERNATIONAL STANDARD BOOK NUMBER
International Standard Book Number 9789332551893
082 ## - DEWEY DECIMAL CLASSIFICATION NUMBER
Classification number 657.3
100 ## - MAIN ENTRY--PERSONAL NAME
Personal name Fraser,Lyn M.
245 ## - TITLE STATEMENT
Title Understanding financial statements
250 ## - EDITION STATEMENT
Edition statement 10th
260 ## - PUBLICATION, DISTRIBUTION, ETC.
Place of publication, distribution, etc. India
Name of publisher, distributor, etc. Pearson education
Date of publication, distribution, etc. 2015
300 ## - PHYSICAL DESCRIPTION
Extent 304
942 ## - ADDED ENTRY ELEMENTS (KOHA)
Koha item type Book
Holdings
Withdrawn status Lost status Damaged status Not for loan Collection code Permanent Location Current Location Shelving location Date acquired Total Checkouts Full call number Barcode Date last seen Price effective from Koha item type
          Central Library (CL) Central Library (CL) General Stacks 01/25/2016   657.3 FRA S3H-S-671 01/25/2016 11/18/2016 Book
          Central Library (CL) Central Library (CL) General Stacks 01/25/2016   657.3 FRA S3H-S-672 01/25/2016 11/18/2016 Book
© 2023 Central Library, National University of Sciences and Technology. All Rights Reserved.